书目信息 |
| 题名: |
青年学生热点透视
|
|
| 作者: | 赵志军 , 吴占军 主编 | |
| 分册: | ||
| 出版信息: | 长春 吉林人民出版社 2005.07 |
|
| 页数: | 250页 | |
| 开本: | 20cm | |
| 丛书名: | ||
| 单 册: | ||
| 中图分类: | I235.27 | |
| 科图分类: | ||
| 主题词: | 戏剧文学--剧本--中国 | |
| 电子资源: | ||
| ISBN: | 7-206-02060-7 | |
| 000 | 00659nam0 2200205 450 | |
| 001 | 0856968733 | |
| 005 | 20081124155316.49 | |
| 010 | @a7-206-02060-7@dCNY20.00 | |
| 100 | @a20081124d2005 km y0chiy0120 ea | |
| 101 | 0 | @achi |
| 102 | @aCN@b220000 | |
| 200 | 1 | @a青年学生热点透视@Aqing nian xue sheng re dian tou shi@f赵志军,吴占军主编@Fzhao zhi jun,wu zhan jun zhu bian |
| 210 | @a长春@c吉林人民出版社@d2005.07 | |
| 215 | @a250页@d20cm | |
| 606 | 0 | @a戏剧文学@x剧本@x中国 |
| 690 | @aI235.27@v4 | |
| 701 | 0 | @a赵志军@Azhao zhi jun@4主编 |
| 701 | 0 | @a吴占军@Awu zhan jun@4主编 |
| 801 | 0 | @aCN@b大连网信软件有限公司图书馆·11@c20081124 |
| 905 | @aBZT@dI235.27@e1 | |
| 青年学生热点透视/赵志军,吴占军主编.-长春:吉林人民出版社,2005.07 |
| 250页;20cm |
| ISBN 7-206-02060-7:CNY20.00 |
| ● |
| 相关链接 |
|
|
|
正题名:青年学生热点透视
索取号:I235.27/1
 
预约/预借
| 序号 | 登录号 | 条形码 | 馆藏地/架位号 | 状态 | 备注 |
| 1 | 520101 | 230099931 | 中心书库中库/打包BH1130/ [索取号:I235.27/1] | 在馆 | |
| 2 | 520102 | 230099922 | 中心书库中库/打包BH1130/ [索取号:I235.27/1] | 在馆 | |
| 3 | 520103 | 230099921 | 中心书库中库/打包BH1130/ [索取号:I235.27/1] | 在馆 | |
| 4 | 520104 | 230099920 | 中心书库中库/打包BH1130/ [索取号:I235.27/1] | 在馆 | |
| 5 | 520105 | 230099932 | 中心书库中库/打包BH1130/ [索取号:I235.27/1] | 在馆 | |
| 6 | 520106 | 230099930 | 中心书库中库/打包BH1130/ [索取号:I235.27/1] | 在馆 | |
| 7 | 520107 | 230099929 | 中心书库中库/打包BH1130/ [索取号:I235.27/1] | 在馆 | |
| 8 | 520108 | 230099927 | 中心书库中库/打包BH1130/ [索取号:I235.27/1] | 在馆 | |
| 9 | 520109 | 230099926 | 中心书库中库/打包BH1130/ [索取号:I235.27/1] | 在馆 | |
| 10 | 520110 | 230099928 | 中心书库中库/打包BH1130/ [索取号:I235.27/1] | 在馆 | |
| 11 | 520111 | 230099925 | 中心书库中库/打包BH1130/ [索取号:I235.27/1] | 在馆 | |
| 12 | 520112 | 230099924 | 中心书库中库/打包BH1130/ [索取号:I235.27/1] | 在馆 | |
| 13 | 520113 | 230099923 | 中心书库中库/打包BH1130/ [索取号:I235.27/1] | 在馆 |